Catálogo
 En Linea

Compilado y actualización de normas generales: (Registro nro. 55472)

Detalles MARC
000 -CABECERA
campo de control de longitud fija 01516nam a2200277 i 4500
003 - IDENTIFICADOR DEL NÚMERO DE CONTROL
campo de control DO-SdBNP
005 - FECHA Y HORA DE LA ÚLTIMA TRANSACCIÓN
campo de control 20231116104640.0
006 - CÓDIGOS DE INFORMACIÓN DE LONGITUD FIJA--CARACTERÍSTICAS DEL MATERIAL ADICIONAL
campo de control de longitud fija a||||gr|||| 00| 0
007 - CAMPO FIJO DE DESCRIPCIÓN FÍSICA--INFORMACIÓN GENERAL
campo de control de longitud fija ta
008 - DATOS DE LONGITUD FIJA--INFORMACIÓN GENERAL
campo de control de longitud fija 231113t2022 dr aao|| |||| 00| 0 spa d
040 ## - FUENTE DE LA CATALOGACIÓN
Centro catalogador/agencia de origen DO-SdBNP
Lengua de catalogación spa
Centro/agencia transcriptor BNPHU
Normas de descripción rda
082 #4 - NÚMERO DE LA CLASIFICACIÓN DECIMAL DEWEY
Número de edición 22
Número de documento/Ítem R426c
110 1# - ENTRADA PRINCIPAL--NOMBRE DE ENTIDAD CORPORATIVA
Nombre de entidad corporativa o nombre de jurisdicción como elemento de entrada República Dominicana.
Unidad subordinada Dirección General de Impuestos Internos
9 (RLIN) 56165
245 10 - MENCIÓN DE TÍTULO
Título Compilado y actualización de normas generales:
Resto del título emitidas por la Dirección General de Impuestos Internos dgii, octubre 2022. /
Mención de responsabilidad, etc. Prólogo, Luis Valdez Veras. /
246 ## - FORMA VARIANTE DE TÍTULO
Título propio/Titulo breve Compilado y actualización de normas generales:
Resto del título emitidas por la Dirección General de Impuestos Internos octubre 2022
264 ## - PRODUCCIÓN, PUBLICACIÓN, DISTRIBUCIÓN, FABRICACIÓN Y COPYRIGHT
Producción, publicación, distribución, fabricación y copyright Santo Domingo :
Nombre del de productor, editor, distribuidor, fabricante Dirección General de Impuestos Internos,
Fecha de producción, publicación, distribución, fabricación o copyright 2023
300 ## - DESCRIPCIÓN FÍSICA
Extensión 894 páginas :
Otras características físicas Ilustraciones, fotografías
Dimensiones 29 cm.
336 ## - TIPO DE CONTENIDO
Fuente rdacontent
Término de tipo de contenido texto
Código de tipo de contenido txt
337 ## - TIPO DE MEDIO
Fuente rdamedia
Nombre/término del tipo de medio sin mediación
Código del tipo de medio n
338 ## - TIPO DE SOPORTE
Fuente rdacarrier
Nombre/término del tipo de soporte volumen
Código del tipo de soporte nc
500 ## - NOTA GENERAL
Nota general La Biblioteca posee el v.2
505 ## - NOTA DE CONTENIDO CON FORMATO
Nota de contenido con formato Casino y / o juego de azar.
Título Leyes de incentivo.--
-- Leyes de incentivo y comprobantes fiscales.--
-- Vehículos de motor.--
-- Registro Nacional de Contribuyentes (RNC) y Sociedades.--
-- Sectoriales.--
-- Sector Agropecuario.--
-- Fiscalidad internacional.--
-- Mercado de valores.--
-- Transparencia, revalorización patrimonial, amnistía y facilidades de pago.--
-- Otras normas Generales de Interés.
590 ## - NOTA LOCAL (RLIN)
Nota local Inventariado 2023 / MF
700 1# - PUNTO DE ACCESO ADICIONAL--NOMBRE DE PERSONA
Nombre de persona Valdez Veras. Luis,
Término indicativo de función/relación prólogo
9 (RLIN) 84626
942 ## - ELEMENTOS DE PUNTO DE ACCESO ADICIONAL (KOHA)
Fuente del sistema de clasificación o colocación Dewey Decimal Classification
Tipo de ítem Koha Libro
Existencias
Estado de retiro Estado de pérdida Fuente del sistema de clasificación o colocación Restricciones de uso No para préstamo Código de colección Localización permanente Ubicación/localización actual Ubicación en estantería Fecha de adquisición Fuente de adquisición Total de préstamos Signatura topográfica completa Código de barras Fecha visto por última vez Precio válido a partir de Tipo de ítem Koha
    Dewey Decimal Classification Excluido de préstamo   Patrimonio Dominicano Biblioteca Nacional Pedro Henríquez Ureña Biblioteca Nacional Pedro Henríquez Ureña En catalogación 13.03.2023 Depósito Legal / Impuestos Interno   R426 2023-7774 13.11.2023 13.11.2023 Libro

Con tecnología Koha